| 000 | 00367nam a2200109Ia 4500 | ||
|---|---|---|---|
| 008 | 160523s9999 xx 000 0 und d | ||
| 245 | _aChild Abuse and Neglect - A Multidimensional Approach | ||
| 245 | _cMuela, Alexander, ed. | ||
| 260 | _c2012 | ||
| 650 | _xPsychology. | ||
| 856 | _uhttp://www.intechopen.com/books/child-abuse-and-neglect-a-multidimensional-approach | ||
| 999 |
_c294794 _d294794 |
||